|
|
|
|
| LEADER |
01291nam a2200349 i 4500 |
| 001 |
c000035528 |
| 003 |
CARM |
| 005 |
00000000000000.0 |
| 008 |
760429s1975 quc b 00110 fre d |
| 015 |
|
|
|a C760035806
|
| 019 |
1 |
|
|a 203207
|5 LACONCORD2021
|
| 020 |
|
|
|a 0885022114
|b br. :
|c $8.
|
| 035 |
|
|
|a (OCoLC)2213923
|5 LACONCORD2021
|
| 040 |
|
|
|a CaOONL
|b fre
|c CaOONL
|
| 043 |
|
|
|a n-cn---
|
| 045 |
|
|
|a u3u6
|
| 055 |
0 |
1 |
|a FC342
|
| 100 |
1 |
|
|a Campeau, Lucien,
|d 1914-
|
| 245 |
1 |
4 |
|a Les finances publiques de la Nouvelle-France sous les Cent-Associes :
|b 1632-1665 /
|c par Lucien Campeau, avec la collab. de Rene Fortin ... [et al.].
|
| 260 |
|
|
|a Montreal :
|b Editions Bellarmin,
|c 1975.
|
| 300 |
|
|
|a 222 p. ;
|c 21 cm.
|
| 500 |
|
|
|a Comprend un index.
|
| 504 |
|
|
|a Bibliographie: p. [203]-211.
|
| 610 |
2 |
6 |
|a Compagnie des Cent-Associes.
|
| 610 |
2 |
5 |
|a Company of One Hundred Associates.
|
| 651 |
|
0 |
|a Canada
|x History
|y To 1763 (New France)
|
| 651 |
|
5 |
|a Canada
|x Economic conditions
|y To 1867.
|
| 700 |
1 |
|
|a Fortin, Rene.
|
| 852 |
8 |
|
|b CARM
|h A2:AF26G0
|i B01576
|p 0078401
|f BK
|
| 082 |
0 |
4 |
|a 971.01/62
|
| 999 |
f |
f |
|i 82729d86-f1d2-5ad8-a2f5-32dae1db4735
|s 226f26b7-1865-5a00-a40e-f807d90bf338
|
| 952 |
f |
f |
|p Can circulate
|a CAVAL
|b CAVAL
|c CAVAL
|d CARM 1 Store
|e B01576
|f A2:AF26G0
|h Other scheme
|i book
|m 0078401
|